000 00803nam a2200205 i 4500
001 45378
003 ES-MaACL
005 20231218150755.0
007 t|
008 030325s1981 sp ||||1| spa d
100 1 _aColeridge, Samuel Taylor.
_939581
245 1 3 _aLa balada del marinero de antaño /
_cSamuel Taylor ; traducción de José Siles Artés ; ilustracions de Antonio Jiménez Lara.
260 _a[Madrid :
_bs.n.,
_c1981] (
_fArtes Gráficas)
300 _a60 p. :
_bil. ;
_c24 cm.
500 _aCuaderno con el texto en inglés "Poetical Works, 1834. The rime of the ancient mariner" in seven parts, 18 págs.
700 1 _aSiles Artés, José,
_d1930-
_9106341
700 1 _aJiménez Lara, Antonio.
_966544
852 _aES-MaACL
_jL-1946
_bR.102670
999 _c45378
_d45378